Top 5 Biggest Cities in Belize by Population - Statistics

General Stats
  • This quiz has been taken 4 times
  • The average score is 3 of 5
Answer Stats
Population City % Correct
61.5k Belize City
100%
20.6k Belmopan
100%
15.3k Orange Walk
50%
10.8k Dangriga
0%
16.8k San Ignacio
0%
No matching quizzes found
Score Distribution
Percent of People with Each Score
Percentile by Number Answered
Your Score History
You have not taken this quiz